|
|
|
|
| LEADER |
00000nab a2200000 a 4500 |
| 001 |
vtls000779355 |
| 003 |
SK-MaSNL |
| 005 |
20260304130953.0 |
| 008 |
250429c2001 xo 0 slo |
| 015 |
|
|
|a SNBRB2002/02-03636
|
| 035 |
|
|
|a CLN000131121
|
| 035 |
|
|
|a urn:nbn:sk:snk-ab6z52
|
| 035 |
|
|
|a (uuid)8e4f0ada-d1ac-4b12-ad3e-5fe08496eab9
|
| 035 |
|
|
|a (urnnbn)urn:nbn:sk:snk:ar-a06c4n
|
| 035 |
|
|
|a (sysno)vtls000779355
|
| 040 |
|
|
|a SNKBUCL
|b slo
|c SNKBUCL
|e AACR2
|
| 041 |
0 |
|
|a eng
|
| 044 |
|
|
|a xo
|c SK
|
| 080 |
|
|
|a 612.392.72:615.277
|2 1997
|
| 080 |
|
|
|a 615.277
|2 1997
|
| 100 |
1 |
|
|a Novotný, L.
|4 aut
|9 701524
|
| 245 |
1 |
0 |
|a Urosolic acid: an anti-tumorigenic and chemopreventive activity
|b minireview
|c L. Novotný, A. Vachálková, D. Biggs
|
| 300 |
|
|
|b Obr.
|
| 504 |
|
|
|a Res. angl.
|
| 504 |
|
|
|a Bibliogr. odkazy
|
| 650 |
0 |
7 |
|a kyselina urosolová
|x účinky protinádorové
|2 snkbucl
|9 1443281
|
| 650 |
0 |
7 |
|a triterpény
|x farmakokinetika
|2 snkbucl
|9 1443282
|
| 650 |
0 |
7 |
|a cytotoxíny
|x účinky nežiaduce
|x imunológia
|2 snkbucl
|9 1443283
|
| 650 |
0 |
7 |
|a imunosupresíva
|2 snkbucl
|9 13725
|
| 650 |
0 |
7 |
|a chemoterapia
|2 snkbucl
|9 13903
|
| 650 |
0 |
7 |
|a triterpény
|x analýza
|x farmakokinetika
|2 snkbucl
|9 1443284
|
| 650 |
0 |
7 |
|a strava a stravovanie
|x trendy
|x využitie
|2 snkbucl
|9 1443285
|
| 650 |
0 |
7 |
|a cytotoxíny
|x nežiadúce účinky
|x klasifikácia
|x imunológia
|2 snkbucl
|9 1443286
|
| 650 |
0 |
7 |
|a apoptóza
|2 snkbucl
|9 14282
|
| 650 |
0 |
7 |
|a látky protinádorové a imunosupresívne
|x analýza
|x klasifikácia
|x imunológia
|2 snkbucl
|9 1443287
|
| 650 |
0 |
7 |
|a látky antivírusové
|x nežiadúce účinky
|x analýza
|x imunológia
|2 snkbucl
|9 1443288
|
| 650 |
0 |
7 |
|a prevencia chemoterapeutická
|x normy a štandardy
|x trendy
|x využitie
|2 snkbucl
|9 1443289
|
| 655 |
|
7 |
|a články z novín a časopisov
|2 snkbucl
|9 267496
|
| 700 |
1 |
|
|a Vachálková, A.
|4 aut
|9 827505
|
| 700 |
1 |
|
|a Biggs, D.
|4 aut
|9 1443290
|
| 773 |
0 |
|
|t Neoplasma
|g Roč. 48, č. 4 (2001), s. 241-245
|x 0028-2685
|
| 850 |
|
|
|a Slovenská národná knižnica
|
| 852 |
|
|
|a Slovenská národná knižnica
|
| 958 |
|
|
|a article27
|
| 958 |
|
|
|a NB
|
| 958 |
|
|
|a MI
|
| 958 |
|
|
|a OND
|
| 958 |
|
|
|a EUIPO
|
| 992 |
|
|
|a RBX
|
| 999 |
|
|
|c 2895885
|d 2897815
|